000 00660nam a2200217 a 4500
001 75242
003 BD-RjUL
005 20211209082650.0
008 181217s1946 enka 001 0 eng
035 _a(BD-RjUL)75460
040 _aDLC
_cOCP
_dUBA
_dOCL
_dOCLCQ
_dMYG
_dBD-RjUL
_beng
041 _aeng
082 _223
_a572
_bHAT 1946
100 1 _aHarrow, Benjamin,
_d1888-1970.
_936025
245 1 2 _aTextbook of biochemistry /
_c[by] Benjamin Harrow
250 _a4th ed. Illustrated
260 _aPhiladelphia ;
_aLondon :
_bW.B. Saunders Co.,
_c1966
300 _axiii, 594 pages:
_b illustrations ;
_c24 cm.
650 0 _aBiochemistry.
_936026
942 _2ddc
_cBK
999 _c75242
_d75242